[Event "Quebec Montcalm op 3 2013-14"]
[Site "Quebec"]
[Date "2013.11.14"]
[Round "1"]
[White "Pouliot, Andre"]
[Black "Boulianne, Gabriel"]
[Result "0-1"]
[WhiteElo "1329"]
[BlackElo "1760"]
[PlyCount "92"]
[EventDate "2013.11.14"]
[EventType "swiss"]
[EventRounds "5"]
[EventCountry "CAN"]
[SourceTitle "EXT 2022"]
[Source "ChessBase"]
[SourceDate "2021.10.06"]
[SourceVersion "1"]
[SourceVersionDate "2021.10.06"]
[SourceQuality "1"]

1. d4 Nf6 2. c4 e5 3. dxe5 Ne4 4. Nf3 b6 5. e3 Bb4+ 6. Nbd2 Bb7 7. Be2 Qe7 8. 0-0 Bxd2 9. Bxd2 Nc6 10. a3 Nxd2 11. Qxd2 Nxe5 12. Nxe5 Qxe5 13. Qd4 Qg5 14. Qg4 Qf6 15. Rad1 d6 16. Qd4 Qg5 17. Qg4 Qe5 18. Qd4 Ke7 19. Qxe5+ dxe5 20. Rd2 Rad8 21. Rfd1 a5 22. Bg4 Rxd2 23. Rxd2 Rd8 24. Rxd8 Kxd8 25. Kf1 Ke7 26. f4 exf4 27. exf4 Kd6 28. g3 Kc5 29. Be2 Kd4 30. Kf2 Ba6 31. c5 Bxe2 32. Kxe2 Kxc5 33. Kd3 Kd5 34. g4 h6 35. h3 g6 36. h4 f5 37. g5 hxg5 38. hxg5 b5 39. b4 axb4 40. axb4 c5 41. bxc5 Kxc5 42. Kc3 Kd5 43. Kd3 b4 44. Ke3 b3 45. Kd2 b2 46. Kc2 Ke4 0-1